<?xml version="1.0" encoding="UTF-8"?>
<record
    xmlns:xsi="http://www.w3.org/2001/XMLSchema-instance"
    xsi:schemaLocation="http://www.loc.gov/MARC21/slim http://www.loc.gov/standards/marcxml/schema/MARC21slim.xsd"
    xmlns="http://www.loc.gov/MARC21/slim">

  <leader>01010nab a22002297a 4500</leader>
  <datafield tag="999" ind1=" " ind2=" ">
    <subfield code="c">6571</subfield>
    <subfield code="d">6571</subfield>
  </datafield>
  <controlfield tag="003">OSt</controlfield>
  <controlfield tag="005">20260224131611.0</controlfield>
  <controlfield tag="008">190506c        xxu||||| |||| 00| 0 spa d</controlfield>
  <datafield tag="040" ind1=" " ind2=" ">
    <subfield code="c">PJ</subfield>
  </datafield>
  <datafield tag="100" ind1=" " ind2=" ">
    <subfield code="9">7146</subfield>
    <subfield code="a">Gelvez, Claudia M. M.</subfield>
  </datafield>
  <datafield tag="245" ind1="1" ind2="0">
    <subfield code="a">Teletrabajo e implementaci&#xF3;n del sistema h&#xED;brido en el &#xE1;mbito judicial /</subfield>
    <subfield code="c">Claudia M. M. Gelvez.</subfield>
  </datafield>
  <datafield tag="260" ind1=" " ind2=" ">
    <subfield code="a">Buenos Aires :</subfield>
    <subfield code="b">AbeledoPerrot,</subfield>
    <subfield code="c">2024.</subfield>
  </datafield>
  <datafield tag="300" ind1=" " ind2=" ">
    <subfield code="a">p. 19-24</subfield>
  </datafield>
  <datafield tag="500" ind1=" " ind2=" ">
    <subfield code="a">Cita: TR LALEY AR/DOC/2546/2024.</subfield>
  </datafield>
  <datafield tag="505" ind1=" " ind2=" ">
    <subfield code="a">Sumario: I. Introducci&#xF3;n.&#x2014; II. Desarrollo.&#x2014; III. R&#xE9;gimen legal del contrato de teletrabajo. Modalidad de teletrabajo.&#x2014; IV. Conclusi&#xF3;n.&#x2014; V. Bibliograf&#xED;a.</subfield>
  </datafield>
  <datafield tag="505" ind1=" " ind2=" ">
    <subfield code="t">&#xBF;Te interesa el texto completo? Comunicate al correo: koha@justierradelfuego.gov.ar</subfield>
  </datafield>
  <datafield tag="650" ind1=" " ind2="0">
    <subfield code="9">1316</subfield>
    <subfield code="a">DERECHO LABORAL</subfield>
  </datafield>
  <datafield tag="650" ind1=" " ind2="0">
    <subfield code="9">4439</subfield>
    <subfield code="a">TELETRABAJO</subfield>
  </datafield>
  <datafield tag="650" ind1=" " ind2="0">
    <subfield code="9">217</subfield>
    <subfield code="a">PODER JUDICIAL </subfield>
  </datafield>
  <datafield tag="773" ind1="0" ind2=" ">
    <subfield code="0">2751</subfield>
    <subfield code="9">3202</subfield>
    <subfield code="d">Buenos Aires : AbeledoPerrot,  2013-</subfield>
    <subfield code="t">Revista de derecho laboral y seguridad social. N&#xBA; 22 - Noviembre 2024</subfield>
  </datafield>
  <datafield tag="942" ind1=" " ind2=" ">
    <subfield code="2">udc</subfield>
    <subfield code="c">ANA</subfield>
  </datafield>
</record>
